000
003380000a22001450004500
005
20120302062725.0
942
_c
BOOK
100
_a
GOKHALE , PRABHAKAR
245
_a
SUKHI SANSARAKADE
260
_a
MUMBAI : SUDHA PARCHURE , 1951
300
_a
157 P.
040
_a
MAR
365
_b
RS.3/-
650
_a
SANKIRNA / SANSARIK PRASHNA
999
_c
357485
_d
357482